[Event "FIDE Open World Blitz 2021"]
[Site "Warsaw"]
[Date "2021.12.30"]
[Round "18.25"]
[White "Mamedov, Rauf"]
[Black "Corrales Jimenez, Fidel"]
[Result "1-0"]
[WhiteElo "2673"]
[BlackElo "2523"]
[Annotator "ChessBase"]
[PlyCount "81"]
[EventDate "2021.12.29"]
[EventType "swiss"]
[EventCountry "POL"]
[Tiebreak "Cut1 Buchholz"]
[SourceTitle "playchess.com"]
[Source "ChessBase"]
[SourceQuality "1"]

1. g3 Nf6 2. Bg2 d5 3. d3 e5 4. Nd2 Nc6 5. e4 dxe4 6. dxe4 Bc5 7. Ngf3 O-O 8.
O-O Bg4 9. h3 Bh5 10. c3 Qd3 11. Nb3 Qxd1 12. Rxd1 Nxe4 13. Nxc5 Nxc5 14. Rd5
Bxf3 15. Bxf3 e4 16. Bg2 b6 17. Be3 Rad8 18. Rad1 f5 19. Bxc5 bxc5 20. Bf1 g6
21. Bb5 Rxd5 22. Rxd5 Nb8 23. Rxc5 Rc8 24. g4 fxg4 25. hxg4 Kg7 26. Re5 Kf6 27.
Rxe4 c6 28. Bc4 Nd7 29. f4 Nc5 30. g5+ Kg7 31. Re7+ Kh8 32. Rxa7 Ne4 33. a4 Rb8
34. a5 h6 35. a6 Nd2 36. Rb7 Ra8 37. a7 Rxa7 38. Rxa7 Nxc4 39. b4 Ne3 40. Rc7
Nd5 41. Rxc6 1-0

[Event "FIDE Open World Blitz 2021"]
[Site "Warsaw"]
[Date "2021.12.30"]
[Round "18.25"]
[White "Sadzikowski, Daniel"]
[Black "Kanarek, Marcel"]
[Result "0-1"]
[WhiteElo "2415"]
[BlackElo "2342"]
[Annotator "NA"]
[PlyCount "140"]
[EventDate "2021.12.29"]
[EventType "swiss"]
[EventCountry "POL"]
[Tiebreak "Cut1 Buchholz"]
[SourceTitle "playchess.com"]
[Source "ChessBase"]
[SourceQuality "1"]

1. e4 c5 2. Nf3 d6 3. Bb5+ Nd7 4. Ba4 Ngf6 5. O-O a6 6. c4 g6 7. Nc3 Bg7 8. d3
O-O 9. h3 Rb8 10. Be3 Ne8 11. d4 cxd4 12. Bxd4 Nef6 13. Qe2 Nc5 14. Bc2 Ne6 15.
Ba7 Ra8 16. Be3 Nh5 17. Qd2 Bd7 18. Nd4 Rc8 19. b3 Re8 20. Rfd1 Qa5 21. Nd5
Qxd2 22. Rxd2 Bc6 23. Re1 Bxd5 24. exd5 Nxd4 25. Bxd4 Bxd4 26. Rxd4 Nf6 27. Bd3
a5 28. f4 Nd7 29. Bf1 Nc5 30. h4 Ra8 31. Re3 Ra6 32. Rd2 Rb6 33. Rde2 Kf8 34.
Rb2 Ra8 35. a3 h5 36. g3 Re8 37. Kf2 Ra8 38. Kf3 Re8 39. Be2 Ra8 40. Kf2 Re8
41. f5 gxf5 42. Bxh5 a4 43. b4 Ne4+ 44. Kg2 Rc8 45. Rc2 Ra6 46. Bf3 Nf6 47. c5
dxc5 48. bxc5 Ra5 49. Rec3 Ne4 50. Bxe4 fxe4 51. Kf2 f5 52. Ke3 Kf7 53. Kf4 Kf6
54. h5 Rg8 55. h6 Rg4+ 56. Ke3 Rxg3+ 57. Kd4 Rxc3 58. Rxc3 Kg6 59. Rh3 Kh7 60.
d6 exd6 61. cxd6 Ra8 62. Ke5 Rd8 63. Ke6 f4 64. Ke7 Rxd6 65. Kxd6 e3 66. Ke5 e2
67. Kxf4 e1=Q 68. Kg4 Qe4+ 69. Kg5 Qe5+ 70. Kg4 b5 0-1

[Event "FIDE Open World Blitz 2021"]
[Site "Warsaw"]
[Date "2021.12.30"]
[Round "18.26"]
[White "Quparadze, Giga"]
[Black "Gareyev, Timur"]
[Result "1-0"]
[WhiteElo "2475"]
[BlackElo "2583"]
[Annotator "ChessBase"]
[PlyCount "142"]
[EventDate "2021.12.29"]
[EventType "swiss"]
[EventCountry "POL"]
[Tiebreak "Cut1 Buchholz"]
[SourceTitle "playchess.com"]
[Source "ChessBase"]
[SourceQuality "1"]

1. e4 e5 2. Nf3 Nc6 3. Bb5 a6 4. Ba4 Nf6 5. d3 Bc5 6. O-O d6 7. c3 Ba7 8. d4
Bd7 9. Re1 b5 10. Bb3 Bg4 11. Be3 Bxf3 12. gxf3 O-O 13. f4 Re8 14. dxe5 Bxe3
15. fxe3 dxe5 16. Nd2 Qd6 17. Nf3 Qc5 18. f5 Rad8 19. Qc2 Na5 20. h3 Qc6 21.
Ng5 Nxb3 22. Qxb3 Re7 23. Rad1 Rd6 24. Rxd6 cxd6 25. Qc2 h6 26. Nf3 Nxe4 27.
Rd1 Nf6 28. Ne1 d5 29. Nd3 Qb6 30. Re1 a5 31. a3 Qc7 32. Qg2 Qc4 33. Nf2 h5 34.
Kh2 Ne8 35. Rd1 e4 36. Qg3 Qc5 37. Rd4 f6 38. Qb8 Qc7+ 39. Qxc7 Nxc7 40. a4 Re5
41. Kg2 Rxf5 42. axb5 Nxb5 43. Ra4 Nd6 44. b3 Rg5+ 45. Kf1 Nf5 46. Nd1 Rg3 47.
Rxa5 Nxe3+ 48. Nxe3 Rxe3 49. Rxd5 Rxh3 50. Rc5 f5 51. Rxf5 g6 52. Rc5 Rf3+ 53.
Ke2 h4 54. Rc4 Rf4 55. Rc6 Kf7 56. Rc7+ Kf6 57. b4 Rg4 58. b5 Rg2+ 59. Ke3 Rb2
60. c4 h3 61. Rh7 Ke5 62. Re7+ Kf5 63. Rh7 g5 64. c5 Rxb5 65. Kd4 Rb3 66. c6
Rd3+ 67. Kc4 g4 68. c7 Rd1 69. c8=Q+ Kf4 70. Qf8+ Kg3 71. Qh6 Rd3 1-0

[Event "FIDE Open World Blitz 2021"]
[Site "Warsaw"]
[Date "2021.12.30"]
[Round "18.26"]
[White "Jakubowski, Krzysztof"]
[Black "Dragnev, Valentin"]
[Result "0-1"]
[WhiteElo "2373"]
[BlackElo "2396"]
[Annotator "NA"]
[PlyCount "78"]
[EventDate "2021.12.29"]
[EventType "swiss"]
[EventCountry "POL"]
[Tiebreak "Cut1 Buchholz"]
[SourceTitle "playchess.com"]
[Source "ChessBase"]
[SourceQuality "1"]

1. e4 d5 2. exd5 Qxd5 3. Nc3 Qa5 4. Bc4 Nf6 5. d3 c6 6. Bd2 Qc7 7. Qe2 Nbd7 8.
Nf3 Nb6 9. Bb3 a5 10. a3 e6 11. Ne5 Bd6 12. f4 a4 13. Ba2 O-O 14. O-O Nbd7 15.
Rae1 Nd5 16. Kh1 b6 17. Rf3 Bb7 18. Rg3 Rae8 19. d4 f6 20. Qg4 Nxe5 21. dxe5
fxe5 22. Ne4 Bc5 23. fxe5 Bf2 24. Nxf2 Rxf2 25. Bh6 Rf7 26. h4 Ref8 27. Bc4 c5
28. Bd3 Kh8 29. Bd2 Ne7 30. Qxe6 Nf5 31. Bxf5 Rxf5 32. Qd6 Qf7 33. e6 Qh5 34.
e7 Qxh4+ 35. Kg1 Re8 36. Bc3 Rf7 37. Qd7 Rg8 38. e8=Q Re7 39. Qc7 Rd7 0-1

[Event "FIDE Open World Blitz 2021"]
[Site "Warsaw"]
[Date "2021.12.30"]
[Round "18.27"]
[White "Karjakin, Sergey"]
[Black "Moroni, Luca Jr"]
[Result "1-0"]
[WhiteElo "2743"]
[BlackElo "2580"]
[Annotator "ChessBase"]
[PlyCount "74"]
[EventDate "2021.12.29"]
[EventType "swiss"]
[EventCountry "POL"]
[Tiebreak "Cut1 Buchholz"]
[SourceTitle "playchess.com"]
[Source "ChessBase"]
[SourceQuality "1"]

1. e4 g6 2. d4 Bg7 3. Nc3 a6 4. f4 d5 5. e5 h5 6. Be3 Nc6 7. Nf3 Bf5 8. Be2 e6
9. O-O h4 10. h3 Bf8 11. Qd2 Be7 12. Nd1 Kf8 13. Nf2 Kg7 14. b3 a5 15. c4 a4
16. c5 Nh6 17. b4 a3 18. b5 Na5 19. Qc3 b6 20. c6 Qf8 21. Bd2 Be4 22. Ng5 Nf5
23. Nfxe4 dxe4 24. Nxe4 Qd8 25. Be3 Qd5 26. Qd3 Bb4 27. Nf6 Qd8 28. Bf2 Be7 29.
Nd7 Nh6 30. Bf3 Nf5 31. d5 exd5 32. Bxd5 Qe8 33. Rad1 Rd8 34. Qc3 Kh7 35. Rfe1
Qg8 36. Be4 Qg7 37. Rd5 f6 1-0

[Event "FIDE Open World Blitz 2021"]
[Site "Warsaw"]
[Date "2021.12.30"]
[Round "18.27"]
[White "Gumularz, Szymon"]
[Black "Baum, Jonasz"]
[Result "1-0"]
[WhiteElo "2396"]
[BlackElo "2157"]
[Annotator "NA"]
[PlyCount "88"]
[EventDate "2021.12.29"]
[EventType "swiss"]
[EventCountry "POL"]
[Tiebreak "Cut1 Buchholz"]
[SourceTitle "playchess.com"]
[Source "ChessBase"]
[SourceQuality "1"]

1. e4 c5 2. Nf3 Nc6 3. Bb5 a6 4. Bxc6 dxc6 5. O-O Qc7 6. d3 e5 7. Nbd2 Ne7 8.
a4 a5 9. Nc4 Ng6 10. Be3 f6 11. Nfd2 Be6 12. Qe2 Be7 13. Kh1 O-O 14. g3 b5 15.
Na3 Qd7 16. f3 Rad8 17. Qf2 c4 18. dxc4 b4 19. Nab1 f5 20. Qe2 f4 21. Bf2 fxg3
22. hxg3 Rf6 23. Nb3 Bh3 24. Re1 Rdf8 25. N1d2 Bg4 26. Kg2 Rxf3 27. Nxf3 Bxf3+
28. Qxf3 Rxf3 29. Kxf3 Qe6 30. Nxa5 Bd8 31. Nb3 Qxc4 32. Re2 Qf7+ 33. Kg2 Qe6
34. a5 Bxa5 35. Rxa5 Qg4 36. Rd2 Qxe4+ 37. Kg1 h5 38. Ra1 h4 39. Re1 Qf3 40.
Re3 Qg4 41. Kh2 hxg3+ 42. Rxg3 Qh5+ 43. Kg1 Nf4 44. Nc1 Qf7 1-0

[Event "FIDE Open World Blitz 2021"]
[Site "Warsaw"]
[Date "2021.12.30"]
[Round "18.28"]
[White "Asadli, Vugar"]
[Black "Pichot, Alan"]
[Result "1-0"]
[WhiteElo "2386"]
[BlackElo "2630"]
[Annotator "ChessBase"]
[PlyCount "154"]
[EventDate "2021.12.29"]
[EventType "swiss"]
[EventCountry "POL"]
[Tiebreak "Cut1 Buchholz"]
[SourceTitle "playchess.com"]
[Source "ChessBase"]
[SourceQuality "1"]

1. e4 c5 2. Nc3 e6 3. Nf3 Nc6 4. d4 cxd4 5. Nxd4 Qc7 6. Be3 a6 7. Qd2 Nf6 8.
O-O-O Be7 9. f3 h5 10. Bf4 e5 11. Nxc6 bxc6 12. Bg5 d6 13. Bc4 Rb8 14. Bb3 Be6
15. Kb1 O-O 16. h4 Rfd8 17. g4 hxg4 18. fxg4 a5 19. Bxf6 Bxf6 20. g5 Be7 21. g6
Bxb3 22. axb3 fxg6 23. Qg2 Bf6 24. Qxg6 Qf7 25. Qg4 d5 26. exd5 cxd5 27. h5 Rb4
28. Qg2 Rd4 29. h6 g6 30. h7+ Kh8 31. Rdg1 Rf4 32. Rh6 g5 33. Ne2 Rf5 34. Ng3
Rf4 35. Nh5 Rf5 36. Rxf6 Rxf6 37. Qxg5 Rf1+ 38. Rxf1 Qxf1+ 39. Ka2 Qf8 40.
Qxe5+ Kxh7 41. Nf6+ Kg6 42. Nxd5 Qd6 43. Nf4+ Kf7 44. Qh5+ Kg8 45. Qg5+ Kf7 46.
Qh5+ Kg8 47. Qg4+ Kf7 48. Nd3 Ke8 49. Qa4+ Rd7 50. Qxa5 Ke7 51. Qg5+ Kf8 52.
Qf4+ Ke7 53. Qxd6+ Kxd6 54. b4 Kd5 55. Kb3 Rh7 56. c3 Rg7 57. Nc5 Rh7 58. Na4
Kc6 59. Ka3 Rg7 60. c4 Rg3+ 61. b3 Rg5 62. b5+ Kd6 63. Kb4 Rh5 64. Ka5 Kc7 65.
b4 Rh1 66. c5 Ra1 67. b6+ Kc6 68. b5+ Kb7 69. c6+ Kb8 70. b7 Kc7 71. Kb4 Rb1+
72. Kc4 Rc1+ 73. Nc3 Rc2 74. Kb4 Rb2+ 75. Ka3 Rd2 76. Kb3 Rd8 77. Kc4 Rd2 1-0

[Event "FIDE Open World Blitz 2021"]
[Site "Warsaw"]
[Date "2021.12.30"]
[Round "18.28"]
[White "Samunenkov, Ihor"]
[Black "Lima, Darcy"]
[Result "1-0"]
[WhiteElo "2348"]
[BlackElo "2379"]
[Annotator "NA"]
[PlyCount "83"]
[EventDate "2021.12.29"]
[EventType "swiss"]
[EventCountry "POL"]
[Tiebreak "Cut1 Buchholz"]
[SourceTitle "playchess.com"]
[Source "ChessBase"]
[SourceQuality "1"]

1. d4 Nf6 2. g3 e6 3. Bg2 d5 4. Nf3 c5 5. O-O Nc6 6. c4 Be7 7. cxd5 Nxd5 8.
dxc5 Bxc5 9. a3 a5 10. Qc2 Be7 11. e4 Nb6 12. Rd1 Bd7 13. Nc3 O-O 14. Bf4 a4
15. Qe2 Na5 16. Ne5 Nb3 17. Rab1 Qe8 18. Nxd7 Nxd7 19. Nb5 e5 20. Be3 Rc8 21.
Bh3 Nf6 22. Bxc8 Qxc8 23. Nc3 Qe6 24. f3 Ra8 25. Nd5 Nxd5 26. Rxd5 h5 27. Qc4
h4 28. Kg2 h3+ 29. Kf2 Rc8 30. Qe2 f5 31. Rbd1 f4 32. gxf4 exf4 33. Bxf4 Qg6
34. Bg3 Bc5+ 35. Kf1 Qf6 36. e5 Qe6 37. Rd8+ Rxd8 38. Rxd8+ Kf7 39. Qe4 Qa6+
40. Qd3 Qh6 41. Qf5+ Ke7 42. Qd7# 1-0

[Event "FIDE Open World Blitz 2021"]
[Site "Warsaw"]
[Date "2021.12.30"]
[Round "18.29"]
[White "Kantor, Gergely"]
[Black "Harsha, Bharathakoti"]
[Result "1/2-1/2"]
[WhiteElo "2566"]
[BlackElo "2576"]
[Annotator "ChessBase"]
[PlyCount "120"]
[EventDate "2021.12.29"]
[EventType "swiss"]
[EventCountry "POL"]
[Tiebreak "Cut1 Buchholz"]
[SourceTitle "playchess.com"]
[Source "ChessBase"]
[SourceQuality "1"]

1. d4 Nf6 2. c4 c5 3. d5 g6 4. Nc3 Bg7 5. e4 d6 6. h3 O-O 7. Nf3 e6 8. Bd3 Nbd7
9. O-O e5 10. g4 h5 11. Ne1 hxg4 12. hxg4 Nh7 13. Be3 Bf6 14. Qd2 Bg5 15. Kg2
Bxe3 16. Qxe3 a6 17. Rh1 Qg5 18. Qxg5 Nxg5 19. Nc2 Nf6 20. f3 Bd7 21. b4 cxb4
22. Nxb4 Rfc8 23. a4 Rc7 24. Kg3 Rac8 25. Rab1 Kg7 26. Nc2 Be8 27. Rb6 Rxc4 28.
Bxc4 Rxc4 29. Rb3 Rxc3 30. Rxc3 Ngxe4+ 31. fxe4 Nxe4+ 32. Kh2 Nxc3 33. Ne3 Nxa4
34. Nc4 Nc3 35. Nxd6 Bd7 36. Nxb7 Nxd5 37. Rd1 Bc6 38. Nd8 Ba8 39. Ra1 Nf6 40.
Rxa6 Bd5 41. Kg3 Ne4+ 42. Kh2 Nf6 43. Kg3 g5 44. Ra5 Kf8 45. Ra7 Ne4+ 46. Kh2
Nf6 47. Kg3 Ke8 48. Nb7 Ne4+ 49. Kh2 Kf8 50. Ra8+ Kg7 51. Ra7 Nf6 52. Kg3 Ne4+
53. Kh2 Kg6 54. Ra6+ f6 55. Nd6 Nxd6 56. Rxd6 Bf3 57. Kg3 Be2 58. Rd7 Bc4 59.
Rc7 Bd5 60. Rd7 Bc4 1/2-1/2

[Event "FIDE Open World Blitz 2021"]
[Site "Warsaw"]
[Date "2021.12.30"]
[Round "18.29"]
[White "Berchtenbreiter, Maximilian"]
[Black "Aditya, Mittal"]
[Result "0-1"]
[WhiteElo "2506"]
[BlackElo "2245"]
[Annotator "ChessBase"]
[PlyCount "194"]
[EventDate "2021.12.29"]
[EventType "swiss"]
[EventCountry "POL"]
[Tiebreak "Cut1 Buchholz"]
[SourceTitle "playchess.com"]
[Source "ChessBase"]
[SourceQuality "1"]

1. c3 Nf6 2. g3 d5 3. Bg2 e5 4. d4 e4 5. h4 c6 6. Bf4 Bd6 7. Nh3 Bxh3 8. Rxh3
Bxf4 9. gxf4 Qb6 10. Qb3 Nbd7 11. e3 g6 12. Nd2 h5 13. Rg3 Ng4 14. c4 Ndf6 15.
Bf1 Qxb3 16. Nxb3 Ke7 17. Rc1 Rhc8 18. Bh3 b6 19. Ke2 a5 20. Nd2 c5 21. dxc5
Rxc5 22. Rc3 Rac8 23. Rb3 dxc4 24. Rxb6 c3 25. bxc3 Rxc3 26. Rxf6 Nxf6 27. Bxc8
Rxc8 28. Rg5 Rc2 29. Rxa5 Ng4 30. Kd1 Rb2 31. Nxe4 Nxf2+ 32. Nxf2 Rxf2 33. a4
Rh2 34. Ra7+ Ke6 35. a5 Ra2 36. a6 Kd5 37. Rxf7 Rxa6 38. Ke2 Ra2+ 39. Kf3 Rh2
40. Kg3 Re2 41. Kf3 Rh2 42. Kg3 Re2 43. Rd7+ Ke6 44. Rd3 Kf5 45. Kf3 Rh2 46.
e4+ Ke6 47. Kg3 Re2 48. Rd4 Re3+ 49. Kg2 Re2+ 50. Kf3 Rh2 51. Kg3 Re2 52. Ra4
Re3+ 53. Kg2 Kf7 54. Ra7+ Ke6 55. Ra6+ Kf7 56. e5 Rb3 57. Rf6+ Kg7 58. Rd6 Kf7
59. Rd7+ Ke6 60. Rd6+ Kf7 61. Kh2 Re3 62. Kg2 Rb3 63. Rd4 Ke6 64. Kh2 Kf5 65.
Kg2 Re3 66. Ra4 Kg4 67. Kf2 Rb3 68. e6 Rb6 69. Re4 Rb8 70. e7 Re8 71. Ke3 Kf5
72. Kd4 Kf6 73. Kd5 Rxe7 74. Ra4 Kf5 75. Kd6 Re1 76. Kd5 Rd1+ 77. Kc6 Rh1 78.
Kd6 Rxh4 79. Ra5+ Kxf4 80. Ke6 Rg4 81. Kf6 Kg3 82. Ra3+ Kh4 83. Rf3 g5 84. Rf1
Rg3 85. Kf5 g4 86. Kf4 Rh3 87. Rf2 Rh1 88. Kf5 Kh3 89. Kf4 h4 90. Rb2 Rf1+ 91.
Kg5 g3 92. Rb4 g2 93. Rxh4+ Kg3 94. Rg4+ Kh2 95. Rh4+ Kg3 96. Rg4+ Kf2 97. Rf4+
Ke3 0-1

[Event "FIDE Open World Blitz 2021"]
[Site "Warsaw"]
[Date "2021.12.30"]
[Round "18.30"]
[White "Santos Latasa, Jaime"]
[Black "Saraci, Nderim"]
[Result "1-0"]
[WhiteElo "2561"]
[BlackElo "2486"]
[Annotator "ChessBase"]
[PlyCount "119"]
[EventDate "2021.12.29"]
[EventType "swiss"]
[EventCountry "POL"]
[Tiebreak "Cut1 Buchholz"]
[SourceTitle "playchess.com"]
[Source "ChessBase"]
[SourceQuality "1"]

1. e4 e5 2. Nf3 Nc6 3. Bc4 Bc5 4. O-O Nf6 5. d3 O-O 6. h3 h6 7. Re1 d6 8. c3 a5
9. Nbd2 Ba7 10. Nf1 Ne7 11. Ng3 Ng6 12. Bb3 Be6 13. Bc2 Re8 14. d4 c6 15. Be3
Qe7 16. Qd2 Rad8 17. b3 Bb8 18. Rad1 d5 19. exd5 Bxd5 20. Nf5 Qf8 21. Nxh6+
gxh6 22. Bxh6 Qd6 23. Bxg6 fxg6 24. dxe5 Qc7 25. Qg5 Nh7 26. Qxg6+ Kh8 27. Bg5
Rg8 28. Bf6+ Nxf6 29. Qxf6+ Qg7 30. Qh4+ Qh7 31. Qf6+ Qg7 32. Qxg7+ Kxg7 33.
Nd4 Kf7 34. g4 Rh8 35. Re3 a4 36. f4 axb3 37. axb3 Ba7 38. Kf2 c5 39. Nf5 Bxb3
40. Nd6+ Ke7 41. Ra1 Bb6 42. c4 Bc2 43. Ra2 Bh7 44. Rb3 Bc7 45. Rxb7 Rxd6 46.
exd6+ Kxd6 47. Ra6+ Kd7 48. Raa7 Rc8 49. Kf3 Kc6 50. Rb2 Bg8 51. Ra6+ Kd7 52.
Rd2+ Ke7 53. Rc6 Be6 54. Rxc5 Bd6 55. Rxc8 Bxc8 56. Rxd6 Kxd6 57. Ke4 Kc5 58.
Ke5 Kxc4 59. f5 Bd7 60. g5 1-0

[Event "FIDE Open World Blitz 2021"]
[Site "Warsaw"]
[Date "2021.12.30"]
[Round "18.30"]
[White "Tologontegin, Semetey"]
[Black "Heberla, Bartlomiej"]
[Result "0-1"]
[WhiteElo "2224"]
[BlackElo "2373"]
[Annotator "NA"]
[PlyCount "194"]
[EventDate "2021.12.29"]
[EventType "swiss"]
[EventCountry "POL"]
[Tiebreak "Cut1 Buchholz"]
[SourceTitle "playchess.com"]
[Source "ChessBase"]
[SourceQuality "1"]

1. d4 d5 2. Nc3 c6 3. Bf4 Nf6 4. e3 Qb6 5. a3 Bf5 6. Rb1 e6 7. f3 Bg6 8. g4 h5
9. g5 Nfd7 10. Bd3 Bxd3 11. Qxd3 g6 12. Nge2 c5 13. h4 Nc6 14. Qb5 cxd4 15.
exd4 Rc8 16. Qd3 Na5 17. O-O Nc4 18. Kg2 Bd6 19. Bxd6 Nxd6 20. Ng3 Nb8 21. Nce2
Nc6 22. c3 Ne7 23. Kh3 Qb5 24. Qd2 Qd7 25. Kg2 Nef5 26. Rh1 Nc4 27. Qf4 Nce3+
28. Kf2 Qa4 29. Nxf5 Nxf5 30. Qe5 O-O 31. Rbd1 Qc2 32. Rb1 Rc6 33. Rhc1 Qb3 34.
Qf4 Rfc8 35. Ng3 Qa2 36. Nxf5 exf5 37. Kg3 Re6 38. Re1 Rce8 39. Qd2 Qc4 40.
Rxe6 Rxe6 41. Re1 Qc7+ 42. Kg2 Qe7 43. Rxe6 Qxe6 44. Kf2 Qd6 45. Kg2 Qe7 46.
Kf2 Qc7 47. Kg2 b5 48. Qe2 a6 49. Qe8+ Kh7 50. f4 Qb7 51. Kf3 a5 52. Qd8 b4 53.
Qxa5 bxc3 54. Qxc3 Qa6 55. Kf2 Qe6 56. Qe3 Qc6 57. Qd2 Qa4 58. Qc3 Qd1 59. Qe3
Qh1 60. Kg3 Qd1 61. Kh2 Qg4 62. Qg3 Qe2+ 63. Qg2 Qe3 64. Qxd5 Qxf4+ 65. Kg2
Qg4+ 66. Kf1 Qh3+ 67. Ke2 Qh2+ 68. Kd3 Kg8 69. Qd8+ Kg7 70. Qf6+ Kg8 71. Qd8+
Kh7 72. Qd5 Qg3+ 73. Kc4 Qc7+ 74. Kb5 f4 75. a4 Kg8 76. a5 Qb8+ 77. Kc4 Qc8+
78. Kb5 Qe8+ 79. Kb4 Qe1+ 80. Kb5 Qe2+ 81. Ka4 f3 82. Qd8+ Kh7 83. Qf6 Qc4+ 84.
b4 Qa2+ 85. Kb5 f2 86. Kb6 Qe6+ 87. Qxe6 fxe6 88. a6 f1=Q 89. b5 Qc4 90. Ka5
Qc7+ 91. b6 Qc6 92. a7 Qb7 93. Kb5 Kg7 94. Kc4 Kf7 95. Kc5 Ke7 96. Kc4 Kd7 97.
Kd3 Kc6 0-1

[Event "FIDE Open World Blitz 2021"]
[Site "Warsaw"]
[Date "2021.12.30"]
[Round "18.31"]
[White "Caruana, Fabiano"]
[Black "Sadhwani, Raunak"]
[Result "1/2-1/2"]
[WhiteElo "2791"]
[BlackElo "2562"]
[Annotator "TA"]
[PlyCount "102"]
[EventDate "2021.12.29"]
[EventType "swiss"]
[EventCountry "POL"]
[Tiebreak "Cut1 Buchholz"]
[SourceTitle "playchess.com"]
[Source "ChessBase"]
[SourceQuality "1"]

1. e4 e5 2. Nf3 Nc6 3. Bc4 d6 4. d4 exd4 5. Nxd4 Nf6 6. Nc3 Be7 7. O-O O-O 8.
h3 Re8 9. Re1 Nxd4 10. Qxd4 Nd7 11. Be3 Bf6 12. Qd2 Bxc3 13. Qxc3 Ne5 14. Bf1
Bd7 15. Rad1 Bc6 16. f3 Qh4 17. Bf2 Qg5 18. Qe3 Qg6 19. Qf4 a5 20. b3 Re7 21.
Qg3 Rae8 22. Kh2 Qxg3+ 23. Bxg3 h5 24. h4 f6 25. Bf2 b6 26. a3 Kf7 27. Kg1 g5
28. hxg5 fxg5 29. Be3 Kg6 30. b4 axb4 31. axb4 h4 32. Be2 Ra8 33. Ra1 Ree8 34.
c4 Rxa1 35. Rxa1 Ra8 36. Rxa8 Bxa8 37. Kf2 Bb7 38. c5 bxc5 39. bxc5 d5 40. exd5
Bxd5 41. Bd4 Kf5 42. Ba6 g4 43. Bc8+ Be6 44. Bb7 gxf3 45. gxf3 c6 46. Ba6 Bc4
47. Bc8+ Be6 48. Bb7 Bd5 49. Bc8+ Be6 50. Ba6 Bc4 51. Bc8+ Be6 1/2-1/2

[Event "FIDE Open World Blitz 2021"]
[Site "Warsaw"]
[Date "2021.12.30"]
[Round "18.31"]
[White "Elier, Ali"]
[Black "Masternak, Grzegorz"]
[Result "0-1"]
[WhiteElo "2194"]
[BlackElo "2188"]
[Annotator "NA"]
[PlyCount "139"]
[EventDate "2021.12.29"]
[EventType "swiss"]
[EventCountry "POL"]
[Tiebreak "Cut1 Buchholz"]
[SourceTitle "playchess.com"]
[Source "ChessBase"]
[SourceQuality "1"]

1. e4 e6 2. d4 d5 3. Nd2 Nf6 4. e5 Nfd7 5. f4 c5 6. c3 Nc6 7. Ndf3 Qa5 8. Kf2
b5 9. g3 b4 10. Bd2 Qb6 11. Kg2 Ba6 12. h4 Bxf1+ 13. Qxf1 Be7 14. Ne2 bxc3 15.
bxc3 Na5 16. Rb1 Qc7 17. g4 Nc4 18. Bc1 f6 19. Ng3 fxe5 20. fxe5 O-O 21. Qd3
Rf7 22. Bg5 Raf8 23. Rbf1 cxd4 24. cxd4 Bb4 25. h5 Qa5 26. Rf2 Qa3 27. Qxa3
Bxa3 28. Rb1 h6 29. Bc1 Bxc1 30. Rxc1 Ne3+ 31. Kh3 Rxf3 32. Rxf3 Rxf3 33. Rc3
Nb6 34. Rc7 Nf1 35. Kg2 Rxg3+ 36. Kxf1 Rxg4 37. Rxa7 Rxd4 38. Ra6 Nc4 39. Rxe6
Re4 40. a4 Rxe5 41. Rc6 Rxh5 42. Rc5 Re5 43. a5 Nxa5 44. Rxa5 g5 45. Kf2 h5 46.
Kg3 Kg7 47. Kf3 Kg6 48. Kg3 Kf5 49. Kf3 h4 50. Kg2 d4 51. Ra8 Kg4 52. Kf1 h3
53. Kg1 d3 54. Rd8 Re3 55. Kf2 Re2+ 56. Kf1 h2 57. Rd4+ Kh5 58. Rh4+ Kg6 59.
Rh6+ Kf5 60. Rf6+ Ke4 61. Re6+ Kf3 62. Rf6+ Ke3 63. Rf3+ Kd4 64. Rxd3+ Kc4 65.
Rh3 Ra2 66. Rh8 Kd4 67. Rh7 Ke4 68. Rh8 Kf3 69. Rf8+ Kg3 70. Rf6 0-1

[Event "FIDE Open World Blitz 2021"]
[Site "Warsaw"]
[Date "2021.12.30"]
[Round "18.32"]
[White "Ghaem Maghami, Ehsan"]
[Black "Gagunashvili, Merab"]
[Result "1-0"]
[WhiteElo "2520"]
[BlackElo "2575"]
[Annotator "ChessBase"]
[PlyCount "131"]
[EventDate "2021.12.29"]
[EventType "swiss"]
[EventCountry "POL"]
[Tiebreak "Cut1 Buchholz"]
[SourceTitle "playchess.com"]
[Source "ChessBase"]
[SourceQuality "1"]

1. e4 e5 2. Nf3 Nc6 3. Bc4 Bc5 4. O-O Nf6 5. d3 d6 6. c3 O-O 7. Nbd2 a6 8. Bb3
h6 9. h3 Re8 10. Re1 Be6 11. Nc4 Ba7 12. Ne3 d5 13. exd5 Nxd5 14. Ng4 Bxg4 15.
hxg4 Nf4 16. d4 Qf6 17. Qd2 Rad8 18. Kf1 g5 19. Qc2 Kg7 20. Be3 exd4 21. cxd4
Nxd4 22. Nxd4 Bxd4 23. Bxd4 Rxe1+ 24. Rxe1 Qxd4 25. Qxc7 Rd7 26. Qc2 Qd3+ 27.
Qxd3 Nxd3 28. Rd1 Nc5 29. Rxd7 Nxd7 30. Bd5 b6 31. Ke2 Kf6 32. Ke3 Ke7 33. Kd4
f6 34. Bb7 Nc5 35. Bc8 Kd6 36. b4 Na4 37. Bxa6 Nb2 38. Be2 Na4 39. g3 Kc6 40.
Bd3 b5 41. Be4+ Kd6 42. Bd3 Kc6 43. Bc2 Nb6 44. Be4+ Kd6 45. Bd3 Kc6 46. a3 Nc8
47. Be4+ Kd6 48. Bb7 Ne7 49. Be4 Nc8 50. Ke3 Nb6 51. Bd3 Nd5+ 52. Ke4 Nc3+ 53.
Kd4 Nd1 54. f3 Kc6 55. Be2 Nb2 56. Kc3 Na4+ 57. Kd4 Nb6 58. Ke4 Nd5 59. Bxb5+
Kd6 60. Bc4 Nc3+ 61. Kd4 Nb1 62. a4 Nd2 63. Be2 Nb3+ 64. Kc3 Nc1 65. Bc4 Ke5
66. Kd2 1-0

[Event "FIDE Open World Blitz 2021"]
[Site "Warsaw"]
[Date "2021.12.30"]
[Round "18.32"]
[White "Lopusiewicz, Piotr"]
[Black "Blanco Acevedo, Cristobal Jose"]
[Result "1-0"]
[WhiteElo "2279"]
[BlackElo "2350"]
[Annotator "NA"]
[PlyCount "51"]
[EventDate "2021.12.29"]
[EventType "swiss"]
[EventCountry "POL"]
[Tiebreak "Cut1 Buchholz"]
[SourceTitle "playchess.com"]
[Source "ChessBase"]
[SourceQuality "1"]

1. d4 Nf6 2. c4 e6 3. Nf3 d5 4. Nc3 dxc4 5. e4 Bb4 6. Bxc4 Nxe4 7. O-O Nf6 8.
Bg5 Be7 9. Qe2 O-O 10. Rad1 c6 11. Rfe1 a5 12. a4 Na6 13. Ba2 Nb4 14. Bb1 b6
15. Ne5 Bb7 16. Qf3 Rb8 17. Qh3 g6 18. Bh6 Re8 19. Nxf7 Qd7 20. Ne5 Qc8 21. Ne4
c5 22. Ng5 Bd5 23. Qg3 Bd6 24. Nxh7 Rb7 25. Nxf6+ Kh8 26. Nxg6# 1-0

[Event "FIDE Open World Blitz 2021"]
[Site "Warsaw"]
[Date "2021.12.30"]
[Round "18.33"]
[White "Krasenkow, Michal"]
[Black "Gluszko, Tomasz"]
[Result "1-0"]
[WhiteElo "2576"]
[BlackElo "2086"]
[Annotator "ChessBase"]
[PlyCount "110"]
[EventDate "2021.12.29"]
[EventType "swiss"]
[EventCountry "POL"]
[Tiebreak "Cut1 Buchholz"]
[SourceTitle "playchess.com"]
[Source "ChessBase"]
[SourceQuality "1"]

1. e4 c6 2. d3 e5 3. f4 d5 4. Nc3 dxe4 5. Nxe4 Nf6 6. Nxf6+ Qxf6 7. Qe2 Bd6 8.
Nf3 Bg4 9. fxe5 Bxf3 10. exf6+ Bxe2 11. fxg7 Rg8 12. Bxe2 Rxg7 13. O-O Nd7 14.
Bf4 Bc5+ 15. Kh1 O-O-O 16. Rae1 f6 17. c3 Rdg8 18. d4 Bb6 19. Bc4 Rd8 20. Be6
Bc7 21. Bxc7 Kxc7 22. Bxd7 Rdxd7 23. Rxf6 Rg5 24. Rfe6 Rdg7 25. Re7+ Kd6 26.
Rxg7 Rxg7 27. Kg1 Kd5 28. Re3 Rf7 29. Rf3 Re7 30. Kf2 b5 31. Re3 Rf7+ 32. Ke2
b4 33. Re5+ Kd6 34. cxb4 Rb7 35. a3 Rg7 36. g3 Rf7 37. Ke3 Rg7 38. Rh5 Re7+ 39.
Kd3 Rf7 40. Kc4 a6 41. Rh6+ Kc7 42. g4 Rg7 43. h3 Rd7 44. a4 Kb7 45. a5 Kc7 46.
g5 Rf7 47. h4 Rf2 48. Rxh7+ Kd6 49. Rh6+ Kc7 50. g6 Rxb2 51. g7 Rg2 52. Rh7 Kd6
53. h5 Rg4 54. Rh6+ Kd7 55. Rg6 Ke8 1-0

[Event "FIDE Open World Blitz 2021"]
[Site "Warsaw"]
[Date "2021.12.30"]
[Round "18.33"]
[White "Ivic, Velimir"]
[Black "Korobov, Anton"]
[Result "1-0"]
[WhiteElo "2575"]
[BlackElo "2684"]
[Annotator "ChessBase"]
[PlyCount "55"]
[EventDate "2021.12.29"]
[EventType "swiss"]
[EventCountry "POL"]
[Tiebreak "Cut1 Buchholz"]
[SourceTitle "playchess.com"]
[Source "ChessBase"]
[SourceQuality "1"]

1. c4 e6 2. Nc3 d5 3. d4 c6 4. e4 dxe4 5. Nxe4 Bb4+ 6. Bd2 Qxd4 7. Bxb4 Qxe4+
8. Ne2 a5 9. Bf8 Qe5 10. Qd2 Nd7 11. Bd6 Qf6 12. Ng3 c5 13. O-O-O e5 14. Ne4
Qh6 15. f4 Qxf4 16. Qxf4 exf4 17. Bxf4 Ngf6 18. Nd6+ Kf8 19. g4 h6 20. Bg2 Nb6
21. h3 Be6 22. Bxb7 Rb8 23. b3 Ne8 24. Bg2 Rd8 25. Nb7 Rxd1+ 26. Rxd1 g5 27.
Be3 h5 28. Bxc5+ 1-0